Normal view
MARC view
- Circle, Full
Entry Personal Name
001 - CONTROL NUMBER
- control field: 108025
003 - CONTROL NUMBER IDENTIFIER
- control field: NUST
005 - DATE AND TIME OF LATEST TRANSACTION
- control field: 20230130115549.0
008 - FIXED-LENGTH DATA ELEMENTS
- fixed length control field: 230130|| aca||aabn | a|a d
040 ## - CATALOGING SOURCE
- Original cataloging agency: NUST
- Transcribing agency: NUST
100 ## - HEADING--PERSONAL NAME
- Personal name: Circle, Full
670 ## - SOURCE DATA FOUND
- Source citation: Work cat.: (NUST)187061: Circle, Full,, The memoris of Sir Anthony Eden /, 1960
